[Event "4NCL/Div1/WGR vs. HKF1"]
[Site "Sunningdale ENG"]
[Date "2008.05.04"]
[Round "10.6"]
[White "Tavoularis, Nicholas"]
[Black "Tan, Desmond"]
[Result "1-0"]
[WhiteElo "2184"]
[BlackElo "2316"]
[PlyCount "83"]
[EventDate "2008.05.04"]
[EventCountry "ENG"]
[SourceDate "2007.09.15"]

1. e4 c5 2. Nc3 g6 3. f4 Bg7 4. Nf3 Nc6 5. Bb5 Nd4 6. O-O Nxb5 7. Nxb5 d5 8.
exd5 a6 9. Nc3 Nf6 10. d4 c4 11. Qe2 b5 12. Re1 Bb7 13. f5 b4 14. Na4 O-O 15.
fxg6 hxg6 16. Qxe7 Bxd5 17. Qxd8 Raxd8 18. Ne5 Nd7 19. Bg5 f6 20. Nxd7 Rxd7 21.
Bf4 Bf7 22. c3 bxc3 23. bxc3 g5 24. Nc5 Rd5 25. Bg3 Ra8 26. Rab1 f5 27. Ne6
Bxe6 28. Rxe6 f4 29. Bf2 Rb5 30. Rb6 Ra5 31. R1b2 Kf7 32. Rc6 Ra4 33. Rb7+ Kf8
34. Rcc7 Bh8 35. g3 Rxa2 36. gxf4 gxf4 37. Rf7+ Kg8 38. Rxf4 Re8 39. h4 Ree2
40. d5 Bxc3 41. Rg4+ Kh8 42. Rxc4 1-0

[Event "4NCL/Div1/WGR vs. HKF1"]
[Site "Sunningdale ENG"]
[Date "2008.05.04"]
[Round "10.7"]
[White "Pokorna, Regina"]
[Black "Andersson, Christin"]
[Result "1-0"]
[WhiteElo "2352"]
[BlackElo "2173"]
[PlyCount "89"]
[EventDate "2008.05.04"]
[EventCountry "ENG"]
[SourceDate "2007.09.15"]

1. e4 e6 2. d4 d5 3. Nd2 Nf6 4. e5 Nfd7 5. Bd3 c5 6. c3 Nc6 7. Ne2 Qb6 8. Nf3
f6 9. exf6 Nxf6 10. O-O Bd6 11. Re1 Bd7 12. Nf4 Bxf4 13. Bxf4 c4 14. Bc2 Qxb2
15. Qd2 Qa3 16. Ng5 Nd8 17. Be5 h6 18. Bg6+ Ke7 19. Nh3 Nf7 20. Nf4 Nxe5 21.
Rxe5 Kd6 22. Rae1 Rhe8 23. Bxe8 Rxe8 24. Ng6 b5 25. R5e3 Ne4 26. Rxe4 dxe4 27.
Qf4+ Kc6 28. Ne5+ Kc7 29. Nxc4+ e5 30. Nxe5 Qd6 31. Qxe4 Bc6 32. Qg4 g5 33. Qg3
Bd5 34. h3 Kb7 35. Rb1 a6 36. a4 Be4 37. Rb4 Qd5 38. axb5 a5 39. Rc4 Qxb5 40.
Rc5 Qb1+ 41. Kh2 a4 42. Nc4 Re7 43. Qd6 Rf7 44. Qd8 Bf5 45. Qd5+ 1-0

[Event "4NCL/Div1/WGR vs. HKF1"]
[Site "Sunningdale ENG"]
[Date "2008.05.04"]
[Round "10.8"]
[White "Jiretorn, Eva"]
[Black "Lee, Graham D"]
[Result "1-0"]
[WhiteElo "2155"]
[BlackElo "2282"]
[PlyCount "75"]
[EventDate "2008.05.04"]
[EventCountry "ENG"]
[SourceDate "2007.09.15"]

1. d4 Nf6 2. c4 c5 3. d5 e5 4. Nc3 d6 5. e4 Be7 6. h3 O-O 7. Bd3 Nbd7 8. Nge2
Ne8 9. Be3 Bg5 10. Qd2 Bxe3 11. Qxe3 a6 12. g3 Rb8 13. a4 Nc7 14. O-O Nf6 15.
g4 Bd7 16. b3 b5 17. Rfb1 g6 18. Ng3 Kh8 19. f4 exf4 20. Qxf4 bxc4 21. Bxc4 Qe7
22. Rf1 Ng8 23. Rae1 Rbe8 24. Kg2 Qe5 25. Nge2 Kg7 26. Qxe5+ Rxe5 27. Nc1 f6
28. Nd3 Ree8 29. g5 Bc8 30. h4 h6 31. gxf6+ Nxf6 32. e5 Nfxd5 33. Rxf8 Rxf8 34.
exd6 Nxc3 35. Re7+ Kf6 36. Rxc7 Be6 37. Nxc5 Bxc4 38. Nd7+ 1-0

[Event "4NCL/Div1/BAR2 vs. CAMB1"]
[Site "Sunningdale ENG"]
[Date "2008.05.04"]
[Round "10.1"]
[White "Pritchett, Craig W"]
[Black "Dearing, Eddie"]
[Result "1/2-1/2"]
[WhiteElo "2315"]
[BlackElo "2383"]
[PlyCount "83"]
[EventDate "2008.05.04"]
[EventCountry "ENG"]
[SourceDate "2007.09.15"]

1. e4 g6 2. d4 Bg7 3. Nf3 d6 4. Bd3 Nf6 5. O-O O-O 6. h3 Nc6 7. c3 e5 8. dxe5
dxe5 9. Na3 h6 10. Be3 b6 11. Qd2 Kh7 12. Rfd1 Bb7 13. Qc2 Qe7 14. Nc4 Nd7 15.
a4 a5 16. Na3 Nc5 17. Bc4 f5 18. Bxc5 Qxc5 19. Bd5 Rae8 20. Rd2 Ba6 21. Rad1
Ne7 22. Be6 Bb7 23. exf5 gxf5 24. Bd7 Rb8 25. Nb5 Be4 26. Qb3 c6 27. Nc7 Bd5
28. Nxd5 cxd5 29. Be6 e4 30. Nd4 Qd6 31. Bxd5 Qxd5 32. Qxd5 Nxd5 33. Ne6 Nf6
34. Nxf8+ Bxf8 35. Rd8 Rxd8 36. Rxd8 Bc5 37. Kf1 f4 38. Rb8 Nd5 39. Rd8 Nf6 40.
Rb8 Nd5 41. Rd8 Nf6 42. Rb8 1/2-1/2

[Event "4NCL/Div1/BAR2 vs. CAMB1"]
[Site "Sunningdale ENG"]
[Date "2008.05.04"]
[Round "10.2"]
[White "Moskovic, David M"]
[Black "Rogers, Jonathan W"]
[Result "1/2-1/2"]
[WhiteElo "2282"]
[BlackElo "2337"]
[PlyCount "64"]
[EventDate "2008.05.04"]
[EventCountry "ENG"]
[SourceDate "2007.09.15"]

1. e4 d5 2. exd5 Nf6 3. Nf3 Nxd5 4. d4 g6 5. c4 Nb6 6. Be2 Bg7 7. O-O O-O 8.
Nc3 Bg4 9. Be3 Nc6 10. b3 Bxf3 11. Bxf3 Nxd4 12. Bxb7 Rb8 13. Be4 c5 14. Rc1 e6
15. f4 Qe7 16. Qe1 Rbd8 17. Qf2 Rd7 18. Kh1 Rfd8 19. g3 Na8 20. Ne2 Nc7 21.
Rcd1 Na6 22. Rd2 f5 23. Bg2 Nb4 24. Rfd1 Nbc2 25. Bxd4 Nxd4 26. Ng1 h6 27. Nf3
Nxf3 28. Rxd7 Rxd7 29. Rxd7 Qxd7 30. Bxf3 Qd3 31. Kg2 Bd4 32. Qe2 Qxe2+ 1/2-1/2

[Event "4NCL/Div1/BAR2 vs. CAMB1"]
[Site "Sunningdale ENG"]
[Date "2008.05.04"]
[Round "10.3"]
[White "Lewis, Andrew P"]
[Black "Eckersley-Waites, Adam"]
[Result "1-0"]
[WhiteElo "2282"]
[BlackElo "2197"]
[PlyCount "59"]
[EventDate "2008.05.04"]
[EventCountry "ENG"]
[SourceDate "2007.09.15"]

1. c4 g6 2. Nc3 Bg7 3. d4 Nf6 4. e4 d6 5. Nf3 O-O 6. Be2 e5 7. Be3 Ng4 8. Bg5
f6 9. Bc1 f5 10. exf5 gxf5 11. dxe5 dxe5 12. Qxd8 Rxd8 13. Bg5 Re8 14. Nd5 Na6
15. h3 e4 16. hxg4 exf3 17. gxf3 Bxb2 18. Rb1 Bd4 19. Rd1 Bb2 20. Ne7+ Kg7 21.
Nxc8 Raxc8 22. Rd7+ Kg8 23. gxf5 Nc5 24. Rdxh7 Rf8 25. f6 Ne6 26. Bd3 Rce8 27.
Kf1 Bxf6 28. Bxf6 Rxf6 29. Rh8+ Kf7 30. R1h7+ 1-0

[Event "4NCL/Div1/BAR2 vs. CAMB1"]
[Site "Sunningdale ENG"]
[Date "2008.05.04"]
[Round "10.5"]
[White "Twyble, Michael S"]
[Black "Conlon, Joe"]
[Result "0-1"]
[WhiteElo "2271"]
[BlackElo "2194"]
[PlyCount "62"]
[EventDate "2008.05.04"]
[EventCountry "ENG"]
[SourceDate "2007.09.15"]

1. Nf3 Nf6 2. c4 g6 3. Nc3 Bg7 4. e4 d6 5. d4 O-O 6. Be2 e5 7. d5 Nbd7 8. Be3
h6 9. Nd2 Nh7 10. b4 f5 11. f3 Ndf6 12. O-O Nh5 13. Re1 Nf4 14. Bf1 g5 15. exf5
Bxf5 16. Nde4 h5 17. c5 a6 18. Rc1 g4 19. fxg4 Bxg4 20. Qd2 Ng5 21. Nxg5 Qxg5
22. b5 Bh6 23. bxa6 bxa6 24. cxd6 cxd6 25. Ne4 Qg6 26. Nxd6 Rad8 27. Nb7 Rd7
28. Nc5 Rg7 29. Nd3 Nxg2 30. Bxh6 Nxe1 31. Nxe1 Be2+ 0-1

[Event "4NCL/Div1/BAR2 vs. CAMB1"]
[Site "Sunningdale ENG"]
[Date "2008.05.04"]
[Round "10.6"]
[White "Pickard, Charles"]
[Black "Taylor, Peter"]
[Result "1-0"]
[WhiteElo "2185"]
[BlackElo "2237"]
[PlyCount "75"]
[EventDate "2008.05.04"]
[EventCountry "ENG"]
[SourceDate "2007.09.15"]

1. c4 Nf6 2. Nf3 e6 3. g3 d5 4. Bg2 dxc4 5. Qa4+ Nbd7 6. Qxc4 c5 7. O-O Be7 8.
Qc2 O-O 9. d4 a6 10. a3 cxd4 11. Nxd4 Nc5 12. Rd1 Bd7 13. Bf4 Rc8 14. Nc3 Qe8
15. Rac1 b6 16. Qd2 a5 17. b4 Na4 18. Ne4 Nxe4 19. Bxe4 Rxc1 20. Rxc1 e5 21.
Bxe5 Bxb4 22. Qg5 f6 23. Bxf6 Rxf6 24. Bd5+ Kh8 25. axb4 axb4 26. Ra1 h6 27.
Qd2 Qe7 28. e4 Nc3 29. Ra7 Qd6 30. Ra8+ Rf8 31. e5 Qe7 32. Rxf8+ Qxf8 33. Bb3
Qc5 34. Nf3 Bc6 35. Qd8+ Kh7 36. Qg8+ Kg6 37. Qf7+ Kh7 38. Ng5+ 1-0

[Event "4NCL/Div1/BAR2 vs. CAMB1"]
[Site "Sunningdale ENG"]
[Date "2008.05.04"]
[Round "10.7"]
[White "Coleman, David"]
[Black "Cooley, Oliver"]
[Result "0-1"]
[WhiteElo "2203"]
[BlackElo "2117"]
[PlyCount "64"]
[EventDate "2008.05.04"]
[EventCountry "ENG"]
[SourceDate "2007.09.15"]

1. e4 d5 2. exd5 Qxd5 3. Nc3 Qa5 4. Bc4 Nf6 5. Nf3 Bf5 6. d3 c6 7. Bd2 Nbd7 8.
Qe2 Qc7 9. h3 Nb6 10. Bb3 e6 11. O-O-O O-O-O 12. Ne4 Nxe4 13. dxe4 Bg6 14. g3
e5 15. Bc3 Bd6 16. Nd2 Rhe8 17. Ba5 Bc5 18. c3 Qe7 19. Bc2 Rd7 20. Nb3 Bd6 21.
Rd2 Red8 22. Rhd1 Qe6 23. h4 f6 24. Qe3 Nc4 25. Qxa7 Nxd2 26. Qa8+ Bb8 27. Nc5
Qd6 28. Bxd8 Qxc5 29. Qa5 Qxa5 30. Bxa5 Nc4 31. Rxd7 Kxd7 32. Bb4 Bd6 0-1

[Event "4NCL/Div1/BAR2 vs. CAMB1"]
[Site "Sunningdale ENG"]
[Date "2008.05.04"]
[Round "10.8"]
[White "Broomfield, Lucy"]
[Black "Bhatia, Kanwal K"]
[Result "0-1"]
[WhiteElo "1967"]
[BlackElo "2064"]
[PlyCount "58"]
[EventDate "2008.05.04"]
[EventCountry "ENG"]
[SourceDate "2007.09.15"]

1. e4 e5 2. Nf3 Nc6 3. Bc4 Bc5 4. c3 Nf6 5. d3 d6 6. h3 a6 7. Bb3 h6 8. O-O O-O
9. Re1 Re8 10. Nbd2 Bb6 11. Nf1 Be6 12. Bxe6 fxe6 13. Ng3 Nd7 14. Be3 Qf6 15.
Nh5 Qf7 16. Bxb6 Nxb6 17. Nh4 g6 18. Qg4 Kh7 19. Ng3 Rf8 20. Kh1 Nd7 21. Re3 g5
22. Rf3 Qg8 23. Rxf8 Rxf8 24. Nf3 Rf4 25. Qh5 Nf6 26. Nxg5+ Qxg5 27. Qf7+ Qg7
28. Qxe6 Rxf2 29. Kg1 Nd8 0-1

[Event "4NCL/Div1/RIC vs. BAR1"]
[Site "Sunningdale ENG"]
[Date "2008.05.04"]
[Round "10.1"]
[White "Gormally, Daniel W"]
[Black "Devereaux, Maxim"]
[Result "1/2-1/2"]
[WhiteElo "2508"]
[BlackElo "2412"]
[PlyCount "51"]
[EventDate "2008.05.04"]
[EventCountry "ENG"]
[SourceDate "2007.09.15"]

1. d4 Nf6 2. c4 e6 3. g3 Bb4+ 4. Bd2 Qe7 5. Bg2 Nc6 6. e3 e5 7. d5 Nb8 8. Ne2
a5 9. Nbc3 Na6 10. O-O d6 11. a3 Bxc3 12. Nxc3 Bd7 13. b4 axb4 14. axb4 O-O 15.
Qb1 c6 16. dxc6 Bxc6 17. e4 Bd7 18. Nd5 Nxd5 19. exd5 b5 20. cxb5 Bxb5 21. Rc1
Qb7 22. Be4 h6 23. Qb3 Rac8 24. h4 Rxc1+ 25. Rxc1 Rc8 26. Re1 1/2-1/2

[Event "4NCL/Div1/RIC vs. BAR1"]
[Site "Sunningdale ENG"]
[Date "2008.05.04"]
[Round "10.2"]
[White "Cox, John J"]
[Black "Bates, Richard A"]
[Result "0-1"]
[WhiteElo "2380"]
[BlackElo "2382"]
[PlyCount "102"]
[EventDate "2008.05.04"]
[EventCountry "ENG"]
[SourceDate "2007.09.15"]

1. Nf3 Nf6 2. c4 g6 3. g3 Bg7 4. Bg2 O-O 5. O-O d6 6. Nc3 c6 7. d3 Qa5 8. Rb1
Na6 9. Bd2 Qh5 10. b4 Bh3 11. Qc2 Nc7 12. b5 Ne6 13. Rfc1 Ng4 14. Qd1 Nd4 15.
Qf1 Nxf3+ 16. exf3 Ne5 17. Qe2 f5 18. d4 Nf7 19. bxc6 bxc6 20. d5 Ne5 21. Bf4
c5 22. Rb7 Rf7 23. Bxe5 Bxg2 24. Kxg2 Bxe5 25. f4 Qxe2 26. Nxe2 Bf6 27. Rcb1
Rff8 28. Nc1 Kf7 29. Rd7 Rfb8 30. Rbb7 Ke8 31. Nb3 a5 32. Rxb8+ Rxb8 33. Ra7
Rb4 34. Nxa5 Ra4 35. Nc6 Rxc4 36. a4 Rc2 37. a5 c4 38. a6 c3 39. Nb4 Rb2 40.
Rb7 Bd4 41. Nd3 Rd2 42. a7 Bxa7 43. Rxa7 Rxd3 44. Rc7 Kd8 45. Rc4 e6 46. dxe6
d5 47. Rc6 d4 48. Kf1 Rd2 49. Ke1 Ke7 50. h3 Rc2 51. f3 Rh2 0-1

[Event "4NCL/Div1/RIC vs. BAR1"]
[Site "Sunningdale ENG"]
[Date "2008.05.04"]
[Round "10.3"]
[White "Hinks-Edwards, Thomas"]
[Black "Collins, Sam"]
[Result "1-0"]
[WhiteElo "2375"]
[BlackElo "2421"]
[PlyCount "147"]
[EventDate "2008.05.04"]
[EventCountry "ENG"]
[SourceDate "2007.09.15"]

1. e4 e5 2. Nf3 Nc6 3. Bb5 a6 4. Ba4 Nf6 5. O-O Nxe4 6. d4 b5 7. Bb3 d5 8. dxe5
Be6 9. Nbd2 Bg4 10. Nxe4 dxe4 11. Qd5 Qxd5 12. Bxd5 O-O-O 13. Bxc6 exf3 14.
gxf3 Bd7 15. Bxd7+ Rxd7 16. f4 Rd5 17. Be3 Bc5 18. Rad1 Rhd8 19. Rxd5 Rxd5 20.
Kg2 Kd7 21. Kf3 Ke6 22. b3 b4 23. Rc1 Bxe3 24. fxe3 Ra5 25. c3 bxc3 26. Rxc3
Rxa2 27. Rxc7 Rxh2 28. Rc6+ Ke7 29. Rxa6 Rb2 30. Ra7+ Ke6 31. Ra6+ Ke7 32. Rb6
g6 33. e4 Rb1 34. f5 gxf5 35. exf5 Rf1+ 36. Ke4 Re1+ 37. Kf4 Rg1 38. f6+ Ke8
39. Rb8+ Kd7 40. Rb7+ Ke8 41. Rb8+ Kd7 42. Rf8 Ke6 43. Re8+ Kd5 44. Rd8+ Kc6
45. Rf8 Kd5 46. Rd8+ Kc6 47. Rd3 Re1 48. b4 h6 49. Rd6+ Kc7 50. b5 Rf1+ 51. Kg4
Rg1+ 52. Kf3 Rf1+ 53. Kg2 Rf5 54. Rd5 Kb6 55. Kg3 h5 56. Rd7 Rxe5 57. Rxf7 Rxb5
58. Kf4 Kc6 59. Re7 Kd6 60. Re8 Rb1 61. Kg5 Rf1 62. Kg6 Rg1+ 63. Kxh5 Rf1 64.
Kg6 Rg1+ 65. Kh7 Rf1 66. Kg7 Rg1+ 67. Kf8 Kd7 68. f7 Rg4 69. Re1 Kd8 70. Rd1+
Kc7 71. Ke7 Re4+ 72. Kf6 Rf4+ 73. Ke6 Rf2 74. Rd5 1-0

[Event "4NCL/Div1/RIC vs. BAR1"]
[Site "Sunningdale ENG"]
[Date "2008.05.04"]
[Round "10.4"]
[White "Ferguson, Mark"]
[Black "Wall, Gavin"]
[Result "1/2-1/2"]
[WhiteElo "2406"]
[BlackElo "2308"]
[PlyCount "88"]
[EventDate "2008.05.04"]
[EventCountry "ENG"]
[SourceDate "2007.09.15"]

1. e4 e5 2. Nf3 d6 3. d4 exd4 4. Nxd4 Nf6 5. Nc3 Be7 6. Bf4 O-O 7. Qd2 Nc6 8.
O-O-O Nxd4 9. Qxd4 Be6 10. f3 Nd7 11. Qe3 Nb6 12. Kb1 Qd7 13. g4 Rad8 14. Bg3
Rfe8 15. Be2 a6 16. h3 Qc6 17. Bd3 d5 18. Qf4 d4 19. Ne2 Rd7 20. Bf2 Red8 21.
Qd2 Nc4 22. Bxc4 Qxc4 23. Nc1 f6 24. f4 d3 25. cxd3 Qxe4 26. dxe4 Rxd2 27. Rxd2
Rxd2 28. Be3 Rd7 29. Kc2 Bc4 30. a4 c5 31. Re1 b5 32. axb5 axb5 33. b3 Bf7 34.
Rd1 Rxd1 35. Kxd1 Kf8 36. Kc2 Ke8 37. Nd3 c4 38. bxc4 Bxc4 39. Bd2 Kd7 40. Bc3
Bd6 41. e5 Bxd3+ 42. Kxd3 fxe5 43. fxe5 Bc5 44. e6+ Kxe6 1/2-1/2

[Event "4NCL/Div1/RIC vs. BAR1"]
[Site "Sunningdale ENG"]
[Date "2008.05.04"]
[Round "10.5"]
[White "Osborne, Marcus E"]
[Black "Knott, Simon"]
[Result "0-1"]
[WhiteElo "2270"]
[BlackElo "2356"]
[PlyCount "70"]
[EventDate "2008.05.04"]
[EventCountry "ENG"]
[SourceDate "2007.09.15"]

1. Nf3 Nf6 2. c4 g6 3. Nc3 d5 4. cxd5 Nxd5 5. Qa4+ Nc6 6. Ne5 Ndb4 7. a3 Bg7 8.
axb4 Bxe5 9. b5 Nb8 10. e3 Bg7 11. d4 b6 12. Bc4 Bb7 13. Qb3 O-O 14. Bd5 c6 15.
Bf3 a6 16. h4 axb5 17. Rxa8 Bxa8 18. h5 Nd7 19. hxg6 hxg6 20. Be4 e6 21. Bxg6
fxg6 22. Qxe6+ Rf7 23. Qxg6 Nf8 24. Qg3 Qe8 25. Rh4 c5 26. f3 b4 27. Ne4 Bxe4
28. Rxe4 Qa4 29. Qg4 Qc2 30. Bd2 c4 31. Qc8 c3 32. Bxc3 bxc3 33. bxc3 Ra7 34.
Qc4+ Kh7 35. Rh4+ Bh6 0-1

[Event "4NCL/Div1/RIC vs. BAR1"]
[Site "Sunningdale ENG"]
[Date "2008.05.04"]
[Round "10.6"]
[White "D'Costa, Lorin A R"]
[Black "Franklin, Michael J"]
[Result "1-0"]
[WhiteElo "2410"]
[BlackElo "2242"]
[PlyCount "83"]
[EventDate "2008.05.04"]
[EventCountry "ENG"]
[SourceDate "2007.09.15"]

1. d4 Nf6 2. c4 e6 3. Nf3 Bb4+ 4. Bd2 Qe7 5. g3 Ne4 6. Bg2 c6 7. O-O Nxd2 8.
Nbxd2 O-O 9. a3 Ba5 10. e4 d6 11. e5 Bc7 12. exd6 Bxd6 13. Ne4 Bc7 14. Re1 Nd7
15. Qd3 Nf6 16. Ne5 Rd8 17. Nxf6+ Qxf6 18. Qe3 Bd7 19. Rad1 Be8 20. f4 a5 21.
Rd3 a4 22. Red1 Qe7 23. Bf3 f6 24. Ng4 Bg6 25. Rc3 Re8 26. Nf2 Ra6 27. c5 Raa8
28. Qe2 Bf7 29. Re3 Qd7 30. Ne4 Qc8 31. Nc3 Ra5 32. Kg2 Qa8 33. Bh5 Bxh5 34.
Qxh5 b6 35. Rde1 e5 36. Ne4 bxc5 37. dxe5 c4 38. g4 Bxe5 39. fxe5 Raxe5 40. Qh3
c5 41. Qf3 Qc6 42. Nc3 1-0

[Event "4NCL/Div1/RIC vs. BAR1"]
[Site "Sunningdale ENG"]
[Date "2008.05.04"]
[Round "10.7"]
[White "Meyer, Gordon"]
[Black "Collinson, Adam"]
[Result "0-1"]
[WhiteElo "2153"]
[BlackElo "2384"]
[PlyCount "78"]
[EventDate "2008.05.04"]
[EventCountry "ENG"]
[SourceDate "2007.09.15"]

1. e4 c5 2. Nc3 d6 3. Nge2 Nf6 4. d4 cxd4 5. Nxd4 a6 6. Bg5 e6 7. f4 Qb6 8. Nb3
Nbd7 9. Qf3 Be7 10. O-O-O Qc7 11. Bh4 b5 12. g4 b4 13. Nb1 Bb7 14. Bd3 h6 15.
g5 hxg5 16. Bxg5 a5 17. Qe2 a4 18. Nd4 Nc5 19. Bxf6 gxf6 20. Bb5+ Kf8 21. Rhg1
Bxe4 22. Qg4 Bg6 23. f5 exf5 24. Qf4 b3 25. axb3 Nxb3+ 26. Nxb3 axb3 27. c3 Qc5
28. Rge1 d5 29. Rxe7 Kxe7 30. Bd3 d4 31. h4 Qe5 32. Qd2 Kf8 33. Re1 dxc3 34.
Nxc3 Qd4 35. h5 Rxh5 36. Qg2 Ra1+ 37. Nb1 Qf4+ 38. Qd2 Qxd2+ 39. Kxd2 f4 0-1

[Event "4NCL/Div1/HKF1 vs. GUI1"]
[Site "Sunningdale ENG"]
[Date "2008.05.05"]
[Round "11.1"]
[White "Greet, Andrew N"]
[Black "Rowson, Jonathan"]
[Result "1/2-1/2"]
[WhiteElo "2445"]
[BlackElo "2582"]
[PlyCount "84"]
[EventDate "2008.05.05"]
[EventCountry "ENG"]
[SourceDate "2007.09.15"]

1. d4 Nf6 2. Nf3 d5 3. c4 e6 4. g3 Bb4+ 5. Bd2 Be7 6. Bg2 O-O 7. O-O Nbd7 8.
Qc2 c6 9. Bf4 Nh5 10. Bc1 f5 11. b3 Ndf6 12. Ba3 Bxa3 13. Nxa3 Bd7 14. e3 Be8
15. Qb2 Nd7 16. Ne5 Nhf6 17. Nxd7 Nxd7 18. Nc2 Qe7 19. Ne1 Bf7 20. Rc1 Rab8 21.
f4 Kh8 22. Nd3 Rg8 23. Qc3 g5 24. Qb4 Qxb4 25. Nxb4 gxf4 26. exf4 dxc4 27. bxc4
c5 28. Nc2 Kg7 29. Rcd1 Kf6 30. d5 Nb6 31. Ne3 Rbd8 32. dxe6 Bxe6 33. Bxb7 Nxc4
34. Nd5+ Bxd5 35. Bxd5 Ne3 36. Bxg8 Nxd1 37. Bb3 Ne3 38. Re1 Rd3 39. Kf2 Ng4+
40. Kg1 Ne3 41. Kf2 Ng4+ 42. Kg1 Ne3 1/2-1/2

[Event "4NCL/Div1/HKF1 vs. GUI1"]
[Site "Sunningdale ENG"]
[Date "2008.05.05"]
[Round "11.2"]
[White "Conquest, Stuart C"]
[Black "Lindner, Daniel"]
[Result "1-0"]
[WhiteElo "2530"]
[BlackElo "2245"]
[PlyCount "65"]
[EventDate "2008.05.05"]
[EventCountry "ENG"]
[SourceDate "2007.09.15"]

1. d4 Nf6 2. c4 e6 3. Nc3 Bb4 4. e3 b6 5. Nge2 Ne4 6. Bd2 Nxd2 7. Qxd2 d5 8.
cxd5 exd5 9. a3 Be7 10. g3 c6 11. Bg2 Nd7 12. O-O O-O 13. Rfd1 Bb7 14. b4 a6
15. Nf4 Nf6 16. Nd3 h5 17. a4 a5 18. b5 cxb5 19. Nxb5 h4 20. Qb2 Rb8 21. Rac1
hxg3 22. hxg3 Ne8 23. Qb3 g5 24. Ne5 Kg7 25. Na7 Qd6 26. Nac6 Bxc6 27. Nxc6 Rb7
28. Bxd5 Nf6 29. Bg2 Ng4 30. Ne5 Nxe5 31. Bxb7 Ng4 32. Bf3 Nf6 33. e4 1-0

[Event "4NCL/Div1/HKF1 vs. GUI1"]
[Site "Sunningdale ENG"]
[Date "2008.05.05"]
[Round "11.3"]
[White "Therrien, Alex"]
[Black "Flear, Glenn C"]
[Result "0-1"]
[WhiteElo "2246"]
[BlackElo "2508"]
[PlyCount "66"]
[EventDate "2008.05.05"]
[EventCountry "ENG"]
[SourceDate "2007.09.15"]

1. d4 d5 2. c4 e6 3. Nf3 Nf6 4. Nc3 c6 5. Bg5 Nbd7 6. e3 Qa5 7. cxd5 Nxd5 8.
Qd2 N7b6 9. Bd3 Nxc3 10. bxc3 Nd5 11. O-O Qxc3 12. Qe2 Bd6 13. Nd2 Qa5 14. Nc4
Qc7 15. Nxd6+ Qxd6 16. Bh4 b6 17. Rac1 Bb7 18. Bg3 Qd7 19. Rfd1 O-O 20. Bb1
Rac8 21. Qd3 f5 22. e4 Ne7 23. f3 Ng6 24. Qb3 Kh8 25. a4 Ba6 26. a5 Bb5 27.
axb6 axb6 28. Bf2 Nf4 29. Kh1 Ne2 30. Rc2 c5 31. Rb2 Ba4 32. Qd3 Bxd1 33. Qxd1
Nc3 0-1

[Event "4NCL/Div1/HKF1 vs. GUI1"]
[Site "Sunningdale ENG"]
[Date "2008.05.05"]
[Round "11.4"]
[White "Prie, Eric"]
[Black "Britton, Richard L"]
[Result "1-0"]
[WhiteElo "2520"]
[BlackElo "2257"]
[PlyCount "61"]
[EventDate "2008.05.05"]
[EventCountry "ENG"]
[SourceDate "2007.09.15"]

1. d4 Nf6 2. Nf3 d5 3. a3 g6 4. Bf4 Bg7 5. e3 Nbd7 6. h3 c6 7. Nbd2 O-O 8. Be2
Ne4 9. O-O Qb6 10. Nxe4 dxe4 11. Nd2 Qxb2 12. Rb1 Qxa3 13. Nc4 Qa4 14. Ra1 Qb5
15. Ra5 Qb4 16. c3 Qxc3 17. Qb1 c5 18. Rb5 cxd4 19. Rc1 Qxc1+ 20. Qxc1 d3 21.
Bd1 b6 22. Qa3 Bb7 23. Qxe7 Bc6 24. Rb1 Rfe8 25. Qa3 Bd5 26. Nd6 Re6 27. f3 f5
28. Rb5 Nc5 29. Rxc5 bxc5 30. Qxc5 Ba2 31. Qa5 1-0

[Event "4NCL/Div1/HKF1 vs. GUI1"]
[Site "Sunningdale ENG"]
[Date "2008.05.05"]
[Round "11.5"]
[White "Briscoe, Christopher"]
[Black "Gallagher, Joseph G"]
[Result "0-1"]
[WhiteElo "2259"]
[BlackElo "2480"]
[PlyCount "66"]
[EventDate "2008.05.05"]
[EventCountry "ENG"]
[SourceDate "2007.09.15"]

1. e4 c5 2. Nf3 e6 3. d4 cxd4 4. Nxd4 Nf6 5. Nc3 d6 6. Be2 Be7 7. O-O O-O 8. f4
Nc6 9. Be3 e5 10. Nf5 Bxf5 11. exf5 exf4 12. Rxf4 d5 13. Kh1 Bd6 14. Rh4 Be5
15. Bf4 Ne4 16. Qe1 Nxc3 17. bxc3 Bxc3 18. Qxc3 Qxh4 19. g3 Qf6 20. Qxf6 gxf6
21. Rb1 b6 22. Bf3 Ne5 23. Bxd5 Rac8 24. Bxe5 fxe5 25. c4 Rc5 26. Re1 Kg7 27.
Rxe5 Kf6 28. Re4 b5 29. Rh4 h5 30. Kg2 Rfc8 31. Rxh5 bxc4 32. Bxc4 Rxc4 33.
Rh6+ Kxf5 0-1

[Event "4NCL/Div1/HKF1 vs. GUI1"]
[Site "Sunningdale ENG"]
[Date "2008.05.05"]
[Round "11.6"]
[White "Hebden, Mark L"]
[Black "McFarland, Robert S"]
[Result "1-0"]
[WhiteElo "2518"]
[BlackElo "2230"]
[PlyCount "69"]
[EventDate "2008.05.05"]
[EventCountry "ENG"]
[SourceDate "2007.09.15"]

1. d4 g6 2. e4 Bg7 3. Nf3 d6 4. Bc4 c6 5. Qe2 e6 6. O-O Ne7 7. c3 O-O 8. e5 d5
9. Bd3 b6 10. Bf4 a5 11. Nbd2 Ba6 12. h3 Bxd3 13. Qxd3 c5 14. Nh2 Nd7 15. Ndf3
h6 16. Rfe1 Rb8 17. Ng4 Nf5 18. Qb5 Rb7 19. Rad1 g5 20. Bc1 c4 21. Ne3 Nxe3 22.
Rxe3 Qe7 23. Nh2 Rc8 24. Rf1 Nf8 25. f4 gxf4 26. Rxf4 Ng6 27. Rf1 Qd7 28. Qxd7
Rxd7 29. Rg3 Kh7 30. Rgf3 Rcc7 31. Ng4 Re7 32. h4 b5 33. h5 Nf8 34. Rg3 b4 35.
Bxh6 1-0

[Event "4NCL/Div1/HKF1 vs. GUI1"]
[Site "Sunningdale ENG"]
[Date "2008.05.05"]
[Round "11.7"]
[White "Jiretorn, Eva"]
[Black "Shaw, John K"]
[Result "1/2-1/2"]
[WhiteElo "2155"]
[BlackElo "2467"]
[PlyCount "97"]
[EventDate "2008.05.05"]
[EventCountry "ENG"]
[SourceDate "2007.09.15"]

1. d4 d5 2. c4 c6 3. Nf3 Nf6 4. e3 Bg4 5. Nc3 e6 6. Qb3 Qb6 7. Bd3 Nbd7 8. Bd2
Be7 9. h3 Bh5 10. g4 Bg6 11. Bxg6 hxg6 12. O-O-O O-O-O 13. Kb1 Ne4 14. Nxe4
dxe4 15. Qxb6 axb6 16. Ng1 Rh7 17. f3 exf3 18. Nxf3 Rdh8 19. Ng1 Nf6 20. Rf1
Nxg4 21. Rxf7 Bf6 22. e4 Bxd4 23. Nf3 Ne5 24. Nxe5 Bxe5 25. Bf4 Bxf4 26. Rxf4
Rxh3 27. Rxh3 Rxh3 28. Rf8+ Kc7 29. e5 Re3 30. Rf7+ Kb8 31. Rxg7 Rxe5 32. Rxg6
Re4 33. b3 Re2 34. Rg7 Ka7 35. Re7 Ka6 36. a3 e5 37. Kc1 e4 38. Kb1 e3 39. Re6
b5 40. c5 Ka7 41. Re7 Kb8 42. Re8+ Kc7 43. Re7+ Kd8 44. Re5 Re1+ 45. Kc2 e2 46.
Kb2 b6 47. cxb6 c5 48. b7 Kc7 49. Rxc5+ 1/2-1/2

[Event "4NCL/Div1/HKF1 vs. GUI1"]
[Site "Sunningdale ENG"]
[Date "2008.05.05"]
[Round "11.8"]
[White "Lalic, Susan"]
[Black "Andersson, Christin"]
[Result "1-0"]
[WhiteElo "2341"]
[BlackElo "2173"]
[PlyCount "115"]
[EventDate "2008.05.05"]
[EventCountry "ENG"]
[SourceDate "2007.09.15"]

1. e4 e6 2. d4 d5 3. Nc3 Bb4 4. exd5 exd5 5. Bd3 Nc6 6. Be3 Nf6 7. Nge2 O-O 8.
O-O a6 9. Nf4 Ne7 10. Nh5 Nxh5 11. Qxh5 g6 12. Qf3 c6 13. Bg5 Qd6 14. Rfe1 f6
15. Bh6 Rf7 16. Re2 Bf5 17. Rae1 Qd7 18. h3 Bxd3 19. Qxd3 g5 20. Re6 Ng6 21.
Qe3 Re7 22. Rxe7 Nxe7 23. h4 Nf5 24. Qh3 Re8 25. Rxe8+ Qxe8 26. Qxf5 Qe1+ 27.
Kh2 Bd6+ 28. g3 gxh4 29. Kg2 hxg3 30. Qxf6 Qxf2+ 31. Qxf2 gxf2 32. Kxf2 Kf7 33.
Kf3 Kf6 34. Ne2 Kf5 35. Bf4 Be7 36. Ng3+ Ke6 37. Kg4 Bf6 38. c3 Be7 39. Bg5 Bd6
40. Nh5 b5 41. Ng7+ Kd7 42. b4 Bh2 43. Kf5 Bg1 44. Bd2 Bf2 45. Nh5 Kd6 46. Nf6
h6 47. Ng4 Bh4 48. Nxh6 Kc7 49. Ke6 Kb6 50. Nf5 Bd8 51. Bf4 Kb7 52. Kd7 Bf6 53.
Nd6+ Kb6 54. Nc8+ Kb7 55. Ne7 Bh4 56. Bd2 Kb6 57. Nxc6 a5 58. Nxa5 1-0

[Event "4NCL/Div1/BAR1 vs. GUI2"]
[Site "Sunningdale ENG"]
[Date "2008.05.05"]
[Round "11.1"]
[White "Parker, Jonathan"]
[Black "Howell, David W L"]
[Result "1-0"]
[WhiteElo "2533"]
[BlackElo "2533"]
[PlyCount "53"]
[EventDate "2008.05.05"]
[EventCountry "ENG"]
[SourceDate "2007.09.15"]

1. d4 Nf6 2. c4 g6 3. Nc3 d5 4. Nf3 Bg7 5. cxd5 Nxd5 6. e3 O-O 7. Bc4 Nb6 8.
Bb3 c5 9. O-O Bg4 10. dxc5 N6d7 11. h3 Bxf3 12. Qxf3 Nxc5 13. Rd1 Qc8 14. Nd5
Nc6 15. e4 Re8 16. Bg5 Ne6 17. Bh4 Qb8 18. Rac1 Qe5 19. Rxc6 bxc6 20. Nxe7+ Kh8
21. Nxc6 Qxb2 22. e5 Rec8 23. Bf6 Rc7 24. Bxe6 fxe6 25. Nd8 Bxf6 26. Qxa8 Qc2
27. Nf7+ 1-0